Similar Country Flags #3 - Statistics

General Stats
  • This quiz has been taken 32 times
    24 since last reset
  • The average score is 46 of 60
Answer Stats
Picture Answer % Correct
Denmark
100%
Sweden
100%
Argentina
94%
Iceland
94%
India
94%
Ireland
94%
Norway
94%
Poland
94%
Turkey
94%
Australia
88%
Colombia
88%
Indonesia
88%
Monaco
88%
New Zealand
88%
Fiji
82%
Hungary
82%
Iran
82%
Netherlands
82%
Singapore
82%
South Africa
82%
Venezuela
82%
Vietnam
82%
Andorra
76%
Armenia
76%
Bulgaria
76%
Chad
76%
Croatia
76%
Ecuador
76%
Honduras
76%
Ivory Coast
76%
Kenya
76%
Luxembourg
76%
Moldova
76%
Niger
76%
Romania
76%
Tunisia
76%
Zimbabwe
76%
D.R. Congo
71%
El Salvador
71%
Jordan
71%
Kuwait
71%
Kyrgyzstan
71%
Nicaragua
71%
Paraguay
71%
United Arab Emirates
71%
Cameroon
65%
Guinea
65%
Malawi
65%
Mali
65%
Mozambique
65%
Senegal
65%
Sudan
65%
Tajikistan
65%
Tanzania
65%
Tuvalu
65%
South Sudan
59%
Vanuatu
59%
St. Kitts & Nevis
53%
Gambia
47%
Namibia
47%
No matching quizzes found
Score Distribution
Percent of People with Each Score
Percentile by Number Answered
Your Score History
You have not taken this quiz since the last reset